[Event "DEM U12w 2016"]
[Site "Willingen GER"]
[Date "2016.05.15"]
[Round "1"]
[White "Delgado, Celina"]
[Black "Glinzner, Alva"]
[Result "0-1"]
[Termination "normal"]
[Board "2"]
[WhiteElo "1405"]
[BlackElo "1518"]
[WhiteClock "00:02:08"]
[BlackClock "00:13:46"]
[PlyCount "64"]
[WhiteFideId "12993735"]
[BlackFideId "16206169"]
[EventCountry "GER"]
[EventRounds "11"]
[EventType "swiss"]
[EventDate "2016.05.14"]

1. e4 c6 2. d4 d5 3. exd5 cxd5 4. c4 Nf6 5. Nc3 e6 6. Nf3 Be7 7. cxd5 Nxd5 8.
a3 O-O 9. Bd3 a6 10. O-O Nf6 11. Bc2 b5 12. Qd3 h6 13. Ne4 Nbd7 14. Ne5 Re8 15.
Qg3 Kf8 16. Nc6 Qb6 17. Nxe7 Rxe7 18. Rd1 Qc6 19. Qd3 Bb7 20. f3 Rc8 21. Bb3
Nxe4 22. fxe4 Qxe4 23. Qxe4 Bxe4 24. Bf4 Kg8 25. Rac1 Ree8 26. a4 Nb6 27. axb5
axb5 28. Bd6 Nd5 29. g3 Nf6 30. Bc5 Rc6 31. Ra1 Nd7 32. Rac1 Rec8 0-1

[Event "DEM U12w 2016"]
[Site "Willingen GER"]
[Date "2016.05.15"]
[Round "1"]
[White "Ortlepp, Klaudia"]
[Black "Basovskiy, Jana"]
[Result "0-1"]
[Termination "normal"]
[Board "3"]
[WhiteElo "1407"]
[BlackElo "1365"]
[WhiteClock "00:14:32"]
[BlackClock "00:09:54"]
[PlyCount "118"]
[WhiteFideId "16206045"]
[BlackFideId "16208617"]
[EventCountry "GER"]
[EventRounds "11"]
[EventType "swiss"]
[EventDate "2016.05.14"]

1. e4 c5 2. Nc3 e6 3. f4 Nc6 4. Nf3 d5 5. d3 Be7 6. Be2 d4 7. Nb1 Nf6 8. O-O
O-O 9. Na3 a6 10. Nc4 b5 11. Nce5 Nxe5 12. Nxe5 Bb7 13. Ng4 Nxg4 14. Bxg4 Qb6
15. f5 e5 16. Qf3 Rad8 17. Qg3 Bf6 18. Bd2 Rc8 19. Rae1 c4 20. Qf2 cxd3 21.
cxd3 Rc2 22. Rb1 Bg5 23. Ba5 Qc6 24. Qe1 Qf6 25. Bd1 Rc6 26. Bd2 Rfc8 27. Bxg5
Qxg5 28. Bb3 Rd6 29. Rf3 Rh6 30. Rg3 Qf4 31. Rd1 Rhc6 32. Rf3 Qh6 33. Rf1 R6c7
34. f6 gxf6 35. Qd2 Qxd2 36. Rxd2 Rc1 37. Rdd1 Rxd1 38. Rxd1 Kg7 39. Kf2 Kg6
40. g4 Rc7 41. Kg3 a5 42. a4 b4 43. Rf1 Ba6 44. Rd1 h5 45. h3 hxg4 46. hxg4 Kg5
47. Kf3 Bc8 48. Rg1 Ba6 49. Rd1 Bc8 50. Rg1 Be6 51. Bd1 Rc1 52. Kf2 Rb1 53. Kf3
Bb3 54. Ke2 Rxb2+ 55. Kf3 Rb1 56. Ke2 Bxa4 57. Rf1 Bxd1+ 58. Rxd1 Rxd1 59. Kxd1
Kxg4 0-1

[Event "DEM U12w 2016"]
[Site "Willingen GER"]
[Date "2016.05.15"]
[Round "1"]
[White "Kiesel, Lara"]
[Black "Ziegenfuß, Antonia"]
[Result "0-1"]
[Termination "normal"]
[Board "4"]
[WhiteElo "1318"]
[BlackElo "1560"]
[WhiteClock "00:33:38"]
[BlackClock "00:35:36"]
[PlyCount "26"]
[WhiteFideId "12973785"]
[BlackFideId "12962554"]
[EventCountry "GER"]
[EventRounds "11"]
[EventType "swiss"]
[EventDate "2016.05.14"]

1. e4 e5 2. Nf3 Nc6 3. Bb5 a6 4. Bxc6 dxc6 5. O-O Ne7 6. Nxe5 Qd4 7. Nf3 Qxe4
8. Nc3 Qg6 9. Kh1 Bg4 10. d3 O-O-O 11. Bf4 Qh5 12. Qe2 Nf5 13. Qe3 Nxe3 0-1

[Event "DEM U12w 2016"]
[Site "Willingen GER"]
[Date "2016.05.15"]
[Round "1"]
[White "Brunner, Sophia"]
[Black "Peglau, Mirjam"]
[Result "1-0"]
[Termination "normal"]
[Board "5"]
[WhiteElo "1602"]
[BlackElo "1314"]
[PlyCount "97"]
[WhiteFideId "12960683"]
[BlackFideId "16211138"]
[EventCountry "GER"]
[EventRounds "11"]
[EventType "swiss"]
[EventDate "2016.05.14"]

1. d4 d5 2. c4 e6 3. Nc3 Nf6 4. Nf3 Nbd7 5. Bg5 Be7 6. e3 h6 7. Bh4 b6 8. Bd3
Bb7 9. O-O dxc4 10. Bxc4 O-O 11. Qe2 Nd5 12. Bxd5 exd5 13. Bxe7 Qxe7 14. Qb5 c6
15. Qd3 Qe6 16. Rac1 Rac8 17. Ne2 Qe7 18. Nf4 f5 19. Ng6 Qe4 20. Qxe4 fxe4 21.
Nxf8 Rxf8 22. Nd2 Nf6 23. f3 Ba6 24. Rf2 exf3 25. gxf3 Bb5 26. b3 Re8 27. Rc3
Re6 28. Rg2 Nd7 29. a4 Ba6 30. b4 Kf7 31. Kf2 Nf6 32. Rg1 g6 33. Rgc1 Bb7 34.
b5 cxb5 35. Rc7+ Re7 36. Rxe7+ Kxe7 37. Rc7+ Nd7 38. Rxb7 b4 39. Rxa7 Kd6 40.
Nb3 Kc6 41. Ra8 Kb7 42. Rg8 Ka6 43. Rxg6 Kb7 44. Rxh6 b5 45. axb5 Nb6 46. Rxb6+
Kxb6 47. h4 Kxb5 48. h5 Kc4 49. Nc5 1-0

[Event "DEM U12w 2016"]
[Site "Willingen GER"]
[Date "2016.05.15"]
[Round "1"]
[White "Meijerink, Inken"]
[Black "Otterpohl, Isabel"]
[Result "0-1"]
[Termination "normal"]
[Board "6"]
[WhiteElo "1306"]
[BlackElo "1699"]
[PlyCount "81"]
[WhiteFideId "16225465"]
[BlackFideId "12999180"]
[EventCountry "GER"]
[EventRounds "11"]
[EventType "swiss"]
[EventDate "2016.05.14"]

1. e4 e5 2. Nf3 Nc6 3. d4 exd4 4. Nxd4 Nf6 5. Nc3 Bb4 6. Nxc6 bxc6 7. Bd3 d5 8.
exd5 cxd5 9. O-O O-O 10. Bg5 c6 11. Qf3 Be7 12. h3 Qd6 13. Rfe1 h6 14. Bd2 Be6
15. Ne2 Nd7 16. Bf4 Qb4 17. b3 Bf6 18. a3 Qe7 19. Ra2 Ne5 20. Qg3 Bh4 21. Qh2
Nxd3 22. cxd3 Qc5 23. d4 Qb5 24. Bd6 Rfe8 25. Qf4 Bg5 26. Qg3 Bf5 27. Qf3 Bg6
28. Raa1 Re6 29. Nc3 Rxe1+ 30. Rxe1 Qxb3 31. Kh2 Bd2 32. Re7 Qxc3 33. Qe2 Qxd4
34. Re8+ Rxe8 35. Qxe8+ Kh7 36. Be5 Bf4+ 37. Bxf4 Qxf4+ 38. Kg1 Qc1+ 39. Kh2
Qxa3 40. Qxc6 Qa2 41. Qxd5 0-1

[Event "DEM U12w 2016"]
[Site "Willingen GER"]
[Date "2016.05.15"]
[Round "1"]
[White "Rudolph, Eva"]
[Black "Bayer, Melissa"]
[Result "0-1"]
[Termination "normal"]
[Board "7"]
[WhiteElo "1558"]
[BlackElo "1484"]
[PlyCount "98"]
[WhiteFideId "16200594"]
[BlackFideId "16206916"]
[EventCountry "GER"]
[EventRounds "11"]
[EventType "swiss"]
[EventDate "2016.05.14"]

1. e4 e5 2. Nf3 Nc6 3. d4 exd4 4. Bc4 Nf6 5. e5 d5 6. Bb5 Ne4 7. Nxd4 Bd7 8.
Bxc6 bxc6 9. O-O Be7 10. f3 Ng5 11. f4 Ne4 12. Nd2 Nxd2 13. Bxd2 O-O 14. c3 Qc8
15. Qf3 f6 16. e6 Bxe6 17. Nxc6 Bd6 18. f5 Bf7 19. Qg4 Be8 20. Nd4 Bd7 21. Kh1
c5 22. Ne6 Bxe6 23. fxe6 Qe8 24. Rfe1 Qe7 25. Rad1 Rad8 26. Bf4 Bxf4 27. Qxf4
Rd6 28. Qf5 g6 29. Qf3 Rfd8 30. Qg4 f5 31. Qe2 Re8 32. Qf3 Red8 33. h3 Rxe6 34.
Rf1 Re4 35. Rf2 Re1+ 36. Rf1 Rxf1+ 37. Qxf1 Qb7 38. b3 Rd7 39. Qf3 a6 40. Rd2
Kg7 41. Qe3 Qc7 42. Rd1 Re7 43. Qd3 Qe5 44. Qxa6 Qxc3 45. Rxd5 Qc1+ 46. Kh2
Qf4+ 47. g3 Qf2+ 48. Kh1 Re1+ 49. Qf1 Rxf1# 0-1

[Event "DEM U12w 2016"]
[Site "Willingen GER"]
[Date "2016.05.15"]
[Round "1"]
[White "Stowicek, Yara Mathilda"]
[Black "Schnabel, Luise"]
[Result "0-1"]
[Termination "normal"]
[Board "8"]
[WhiteElo "1394"]
[BlackElo "1621"]
[PlyCount "192"]
[WhiteFideId "16203569"]
[BlackFideId "12943347"]
[EventCountry "GER"]
[EventRounds "11"]
[EventType "swiss"]
[EventDate "2016.05.14"]

1. e4 c5 2. c3 d5 3. exd5 Qxd5 4. d4 cxd4 5. cxd4 Nf6 6. Nc3 Qd8 7. Be3 e6 8.
Nf3 Nc6 9. Bb5 Bd7 10. O-O a6 11. Ba4 b5 12. Bc2 Qc7 13. d5 exd5 14. Nxd5 Nxd5
15. Qxd5 Be6 16. Qe4 Rc8 17. Rac1 Be7 18. Bb1 Bd7 19. Bf4 Qb6 20. Rfe1 Be6 21.
Be3 Qb7 22. Ne5 Nd8 23. Qxb7 Nxb7 24. Be4 Nd8 25. Rxc8 Bxc8 26. Rc1 Be6 27. a3
O-O 28. Rd1 Re8 29. Nc6 Nxc6 30. Bxc6 Rd8 31. Rxd8+ Bxd8 32. Bb7 Bf6 33. Bxa6
Bxb2 34. Bc5 Bd7 35. Kf1 f6 36. Ke2 Kf7 37. Kd3 Ke6 38. Kc2 Be5 39. h3 Kd5 40.
Bf8 Kc6 41. a4 bxa4 42. Bd3 g6 43. Kd2 Bb2 44. Kc2 Bd4 45. f3 Be6 46. Be4+ Kb6
47. Ba3 Bb3+ 48. Kd3 Be5 49. Ke3 Kb5 50. Bd3+ Kb6 51. Bb1 Bc4 52. Bc2 Kb5 53.
g4 Bc3 54. Ke4 Bb4 55. Bb2 Be7 56. Bd3 a3 57. Ba1 Kb4 58. Bc2 Bb3 59. Bd3 Bd1
60. Bb1 Kb3 61. Ke3 Bc2 62. Bxc2+ Kxc2 63. Ke2 Kb1 64. Bc3 a2 65. Kd2 a1=Q 66.
Bxa1 Kxa1 67. Kc1 Ka2 68. Kc2 Ka3 69. Kc3 Bd6 70. Kc4 Be5 71. Kd3 Kb4 72. Ke4
Kc5 73. g5 Bc3 74. gxf6 Bxf6 75. Kf4 Kd5 76. Kg4 h5+ 77. Kg3 Ke5 78. h4 Kf5 79.
f4 Be7 80. Kh3 Kxf4 81. Kh2 Bxh4 82. Kh3 Bd8 83. Kh2 g5 84. Kh3 g4+ 85. Kg2 h4
86. Kf2 h3 87. Kg1 g3 88. Kf1 g2+ 89. Kf2 Bb6+ 90. Ke2 g1=Q 91. Kd2 Qe3+ 92.
Kc2 Ke4 93. Kb2 Kd4 94. Kc2 h2 95. Kb2 h1=R 96. Kc2 Rh2+ 0-1

[Event "DEM U12w 2016"]
[Site "Willingen GER"]
[Date "2016.05.15"]
[Round "1"]
[White "Reichelt, Lena"]
[Black "Pavlov, Liliane"]
[Result "1/2-1/2"]
[Termination "normal"]
[Board "10"]
[WhiteElo "1261"]
[BlackElo "1445"]
[PlyCount "87"]
[WhiteFideId "12981184"]
[BlackFideId "16225449"]
[EventCountry "GER"]
[EventRounds "11"]
[EventType "swiss"]
[EventDate "2016.05.14"]

1. d4 d5 2. Nf3 Nf6 3. e3 a6 4. Bd3 Nc6 5. a3 Bg4 6. Nbd2 e6 7. O-O Be7 8. b3
O-O 9. Bb2 Qd7 10. c4 Rad8 11. Qc2 Bh5 12. cxd5 Qxd5 13. Ne5 Nxe5 14. dxe5 Qxd3
15. Qxd3 Rxd3 16. exf6 Bxf6 17. Bxf6 gxf6 18. Ne4 Kg7 19. Nc5 Rd5 20. b4 a5 21.
Nxb7 axb4 22. axb4 Rb5 23. Nc5 Rxb4 24. Na6 Rc4 25. Rfc1 Be2 26. Nxc7 Rc8 27.
Rxc4 Bxc4 28. Ra7 Kg6 29. h3 f5 30. Na6 Bd5 31. Nb4 Rc1+ 32. Kh2 Bb3 33. Nd3
Rc2 34. Kg3 f6 35. Nf4+ Kh6 36. h4 Ra2 37. Re7 Ra6 38. h5 e5 39. Nh3 Kxh5 40.
Rxh7+ Kg6 41. Rc7 Bd5 42. Ng1 Ra1 43. Nf3 Rh1 44. Rc5 1/2-1/2

[Event "DEM U12w 2016"]
[Site "Willingen GER"]
[Date "2016.05.15"]
[Round "1"]
[White "Khamenya, Vitalia"]
[Black "Krömer, Paulina"]
[Result "1/2-1/2"]
[Termination "normal"]
[Board "11"]
[WhiteElo "1611"]
[BlackElo "1643"]
[PlyCount "93"]
[WhiteFideId "12959260"]
[BlackFideId "16212363"]
[EventCountry "GER"]
[EventRounds "11"]
[EventType "swiss"]
[EventDate "2016.05.14"]

1. Nf3 c5 2. d3 Nc6 3. g3 d5 4. e3 e5 5. Nbd2 Nf6 6. Bg2 Bg4 7. h3 Bh5 8. g4
Bg6 9. Nh4 Be7 10. Nxg6 hxg6 11. a3 g5 12. Qf3 d4 13. e4 Nd7 14. Qf5 Nf8 15.
Qf3 Ne6 16. Nf1 b5 17. Ng3 g6 18. Ne2 a5 19. Bd2 b4 20. O-O Rb8 21. Rfb1 b3 22.
cxb3 Rxb3 23. Nc1 Rb8 24. Qd1 Kf8 25. Qa4 Qc7 26. Bf1 Nf4 27. Kh2 Kg7 28. Nb3
Ra8 29. Rc1 Qb6 30. Rc2 Rhb8 31. Nc1 Qb5 32. Qxb5 Rxb5 33. b3 Rc8 34. Rc4 Rcb8
35. Ra4 Ra8 36. Ra2 f5 37. f3 fxg4 38. fxg4 Rf8 39. Kg3 Kh7 40. Rc2 Ne6 41. Bg2
Rfb8 42. Rb2 Kg7 43. Ra2 Nf4 44. Bf1 Kf7 45. Rb2 Ke6 46. Na2 Kd7 47. Nc1
1/2-1/2

[Event "DEM U12w 2016"]
[Site "Willingen GER"]
[Date "2016.05.15"]
[Round "1"]
[White "Diederich, Greta"]
[Black "Dietz, Kristin"]
[Result "1-0"]
[Termination "normal"]
[Board "12"]
[WhiteElo "1215"]
[BlackElo "1432"]
[PlyCount "47"]
[WhiteFideId "12988618"]
[BlackFideId "12993743"]
[EventCountry "GER"]
[EventRounds "11"]
[EventType "swiss"]
[EventDate "2016.05.14"]

1. e4 c5 2. Nc3 d6 3. f4 g6 4. Nf3 Bg7 5. Bc4 e6 6. a4 Ne7 7. O-O O-O 8. d3
Nbc6 9. Qe1 b6 10. Qh4 Nd4 11. Nxd4 Bxd4+ 12. Kh1 Nc6 13. Qg3 Bb7 14. f5 exf5
15. exf5 Nb4 16. fxg6 d5 17. gxf7+ Kh8 18. Bh6 dxc4 19. Rae1 Qd7 20. Bxf8 Rxf8
21. Nb5 Nd5 22. Nd6 Ne3 23. Rxe3 Bxe3 24. Qe5# 1-0

[Event "DEM U12w 2016"]
[Site "Willingen GER"]
[Date "2016.05.15"]
[Round "1"]
[White "Sinnhöfer, Lilian"]
[Black "Kriuckova, Sonia"]
[Result "1-0"]
[Termination "normal"]
[Board "13"]
[WhiteElo "1283"]
[BlackElo "1231"]
[PlyCount "119"]
[WhiteFideId "12977586"]
[BlackFideId "16204310"]
[EventCountry "GER"]
[EventRounds "11"]
[EventType "swiss"]
[EventDate "2016.05.14"]

1. e4 c5 2. Nc3 d6 3. Nf3 Nf6 4. Bb5+ Bd7 5. Bxd7+ Nbxd7 6. d3 e6 7. Bg5 Be7 8.
Qd2 h6 9. Bf4 a6 10. h3 b5 11. a3 Nh5 12. Bh2 Nhf6 13. e5 dxe5 14. Bxe5 Nxe5
15. Nxe5 Bd6 16. Nf3 Nd5 17. Nxd5 exd5 18. O-O O-O 19. Rad1 Qf6 20. c4 d4 21.
b3 Qf4 22. Qxf4 Bxf4 23. g3 Bc7 24. cxb5 axb5 25. Rc1 Bd6 26. b4 c4 27. dxc4
bxc4 28. Rxc4 Rxa3 29. Nxd4 Ra4 30. Nc6 Rfa8 31. Rd1 Bf8 32. Rdc1 Kh8 33. b5
Rxc4 34. Rxc4 Bd6 35. Rd4 Bf8 36. Rd7 Kg8 37. b6 g5 38. b7 Re8 39. b8=Q Rxb8
40. Nxb8 Kg7 41. Kf1 Kg8 42. Nc6 Kg7 43. Ne5 Kg8 44. Nxf7 Kg7 45. Nxg5+ Kg8 46.
Ne6 Kh8 47. Nxf8 h5 48. f4 Kg8 49. f5 Kxf8 50. g4 hxg4 51. hxg4 Kg8 52. f6 Kf8
53. g5 Kg8 54. g6 Kf8 55. g7+ Kg8 56. Rd8+ Kf7 57. g8=Q+ Kxf6 58. Qd5 Kg7 59.
Rd7+ Kh8 60. Qa8# 1-0

[Event "DEM U12w 2016"]
[Site "Willingen GER"]
[Date "2016.05.15"]
[Round "1"]
[White "Schmidt, Pauline"]
[Black "Bohrer, Katharina"]
[Result "0-1"]
[Termination "normal"]
[Board "14"]
[WhiteElo "1142"]
[BlackElo "1406"]
[PlyCount "44"]
[WhiteFideId "16209850"]
[BlackFideId "16225457"]
[EventCountry "GER"]
[EventRounds "11"]
[EventType "swiss"]
[EventDate "2016.05.14"]

1. e4 d6 2. d4 Nf6 3. Nc3 g6 4. Bc4 Bg7 5. Be3 O-O 6. Qd2 c6 7. Bb3 b5 8. Nf3
a5 9. a3 Ba6 10. e5 dxe5 11. Nxe5 e6 12. Ne2 Nbd7 13. Nxd7 Nxd7 14. Bh6 b4 15.
Bxg7 Kxg7 16. axb4 axb4 17. Qxb4 Bxe2 18. Kxe2 Qg5 19. g3 c5 20. dxc5 Qe5+ 21.
Kd2 Nxc5 22. Qc3 Ne4+ 0-1

[Event "DEM U12w 2016"]
[Site "Willingen GER"]
[Date "2016.05.15"]
[Round "1"]
[White "Zell, Hannah"]
[Black "Wucherer, Sophie"]
[Result "0-1"]
[Termination "normal"]
[Board "15"]
[WhiteElo "1371"]
[BlackElo "1171"]
[PlyCount "136"]
[WhiteFideId "16208900"]
[BlackFideId "16225473"]
[EventCountry "GER"]
[EventRounds "11"]
[EventType "swiss"]
[EventDate "2016.05.14"]

1. e4 d5 2. exd5 Qxd5 3. Nc3 Qa5 4. d4 c6 5. h3 Nf6 6. Bd3 g6 7. Nf3 Bg7 8. Bd2
Qb6 9. Na4 Qc7 10. O-O O-O 11. Re1 Be6 12. Nc5 Bd5 13. c3 Re8 14. Ne4 Nxe4 15.
Bxe4 Bxe4 16. Rxe4 e6 17. Bf4 Qb6 18. Qb3 Nd7 19. Ne5 Qxb3 20. axb3 Nxe5 21.
Bxe5 f6 22. Bf4 f5 23. Re2 Kf7 24. Be5 Bxe5 25. Rxe5 Kf6 26. Re2 Re7 27. Kf1 e5
28. Rae1 Rae8 29. dxe5+ Rxe5 30. Rxe5 Rxe5 31. Rxe5 Kxe5 32. Ke2 g5 33. Ke3 h5
34. f3 c5 35. g3 a5 36. f4+ gxf4+ 37. gxf4+ Kd5 38. Kd3 h4 39. c4+ Kc6 40. Kc3
b5 41. Kd3 Kb6 42. Kc3 bxc4 43. bxc4 a4 44. Kc2 Ka5 45. b3 Kb4 46. bxa4 Kxa4
47. Kc3 Ka3 48. Kc2 Kb4 49. Kd3 Kb3 50. Kd2 Kxc4 51. Ke3 Kc3 52. Ke2 Kd4 53.
Kd2 c4 54. Kd1 Kd3 55. Kc1 Ke3 56. Kc2 Kxf4 57. Kc3 Ke3 58. Kxc4 f4 59. Kd5 Ke2
60. Ke4 f3 61. Kf4 f2 62. Kg4 f1=Q 63. Kxh4 Qg2 64. Kh5 Kf3 65. h4 Kf4 66. Kh6
Kf5 67. Kh7 Kf6 68. h5 Qg7# 0-1

[Event "DEM U12w 2016"]
[Site "Willingen GER"]
[Date "2016.05.15"]
[Round "1"]
[White "Fuchs, Emily"]
[Black "Schneider, Katharina"]
[Result "0-1"]
[Termination "normal"]
[Board "16"]
[WhiteElo "1027"]
[BlackElo "1565"]
[PlyCount "82"]
[WhiteFideId "16208986"]
[BlackFideId "16200519"]
[EventCountry "GER"]
[EventRounds "11"]
[EventType "swiss"]
[EventDate "2016.05.14"]

1. e4 e5 2. Nf3 Nc6 3. d4 exd4 4. Nxd4 Bc5 5. Be3 Qf6 6. c3 Qg6 7. Qf3 Nf6 8.
Bd3 Ne5 9. Qe2 Qxg2 10. Rf1 Nxd3+ 11. Qxd3 Ng4 12. f3 Nxe3 13. Qxe3 Qxb2 14.
Qd3 Bxd4 15. cxd4 Qxa1 16. Rf2 c5 17. dxc5 Qe5 18. Qc4 Qe6 19. Qd4 Qh6 20. Nc3
b6 21. Nb5 Qc1+ 22. Ke2 Ba6 23. a4 Bxb5+ 24. axb5 Qxc5 25. Qxg7 Qxb5+ 26. Kd2
Qb4+ 27. Ke3 Rf8 28. Qxh7 Rc8 29. Rg2 Rc3+ 30. Kf4 Qd6+ 31. Kg5 Qg6+ 32. Qxg6
fxg6 33. Kh4 Rfxf3 34. Rxg6 Rh3+ 35. Kg5 Rxh2 36. Rg8+ Ke7 37. Rg7+ Kd6 38. e5+
Ke6 39. Kf4 Rh4+ 40. Kg5 Rg3+ 41. Kxh4 Rxg7 0-1

[Event "DEM U12w 2016"]
[Site "Willingen GER"]
[Date "2016.05.15"]
[Round "1"]
[White "Limbach, Anna-Lena"]
[Black "Kieckbusch, Lotta"]
[Result "0-1"]
[Termination "normal"]
[Board "17"]
[WhiteElo "1365"]
[BlackElo "993"]
[PlyCount "60"]
[WhiteFideId "12980412"]
[BlackFideId "16214390"]
[EventCountry "GER"]
[EventRounds "11"]
[EventType "swiss"]
[EventDate "2016.05.14"]

1. c4 e5 2. g3 Bc5 3. Bg2 Nc6 4. Nc3 Nf6 5. d3 d6 6. Nf3 O-O 7. O-O Be6 8. a3
Qd7 9. Ng5 Bf5 10. Re1 h6 11. Nge4 Ng4 12. Nxc5 dxc5 13. Nd5 Rab8 14. f3 Nf6
15. Nxf6+ gxf6 16. Bxh6 Rfe8 17. Kh1 Bh3 18. Qd2 Bxg2+ 19. Kxg2 e4 20. fxe4 Qg4
21. Rf1 Qg6 22. h3 Rbd8 23. Rf4 Ne5 24. Rf5 Kh7 25. g4 Rg8 26. Rh5 Qxh5 27. Bf4
Nxg4 28. Rg1 Qh4 29. Bg3 Ne5 30. Kh2 Qh5 0-1

[Event "DEM U12w 2016"]
[Site "Willingen GER"]
[Date "2016.05.15"]
[Round "1"]
[White "Hapke, Lara"]
[Black "Reuter, Elisa"]
[Result "1/2-1/2"]
[Termination "normal"]
[Board "18"]
[WhiteElo "971"]
[BlackElo "1591"]
[PlyCount "83"]
[WhiteFideId "12996572"]
[BlackFideId "12995444"]
[EventCountry "GER"]
[EventRounds "11"]
[EventType "swiss"]
[EventDate "2016.05.14"]

1. e4 c5 2. Nc3 Nc6 3. f4 g6 4. Nf3 Bg7 5. Bc4 e6 6. O-O a6 7. a3 Nge7 8. f5
exf5 9. d3 O-O 10. Qe1 Nd4 11. Nxd4 cxd4 12. Nd5 Nxd5 13. Bxd5 d6 14. Bf4 Rb8
15. Qg3 Be5 16. Bxe5 dxe5 17. Qxe5 Bd7 18. exf5 Bxf5 19. Bb3 Re8 20. Qg3 Rc8
21. Rxf5 Rc7 22. Raf1 Rf8 23. Rd5 Rd7 24. Rxd7 Qxd7 25. Qf3 b5 26. Qf6 a5 27.
Rf4 a4 28. Ba2 Qe8 29. Qxd4 Qe1+ 30. Rf1 Qe7 31. Qd5 Qe3+ 32. Kh1 Qe2 33. Rxf7
Qe3 34. Rf3+ Kg7 35. Qd7+ Kh6 36. Rh3+ Kg5 37. Qd5+ Kg4 38. Rg3+ Kh4 39. Rh3+
Kg4 40. Qd7+ Kg5 41. Rg3+ Kh6 42. Rh3+ 1/2-1/2

[Event "DEM U12w 2016"]
[Site "Willingen GER"]
[Date "2016.05.15"]
[Round "1"]
[White "Gehrke, Gina Celina"]
[Black "Wittich, Carlotta"]
[Result "1-0"]
[Termination "normal"]
[Board "19"]
[WhiteElo "1519"]
[BlackElo "952"]
[PlyCount "139"]
[WhiteFideId "16205979"]
[BlackFideId "16217411"]
[EventCountry "GER"]
[EventRounds "11"]
[EventType "swiss"]
[EventDate "2016.05.14"]

1. d4 d5 2. e3 Nf6 3. Bd3 c6 4. Nd2 e6 5. f4 Nbd7 6. Ngf3 Bd6 7. O-O O-O 8. Ne5
b6 9. Nxc6 Qc7 10. Ne5 Bb7 11. Rf3 Ne4 12. Rh3 Ndf6 13. c3 Rad8 14. Nxe4 dxe4
15. Bc2 Ne8 16. Qh5 Nf6 17. Qg5 h6 18. Rxh6 Nh7 19. Qg3 f6 20. Qg6 Bxe5 21.
Qxh7+ Kf7 22. fxe5 fxe5 23. Qg6+ Kg8 24. Qxe6+ Rf7 25. Bb3 gxh6 26. Qxh6 Bd5
27. Bxd5 Rxd5 28. Bd2 Rh7 29. Qg6+ Rg7 30. Qxe4 Rb5 31. b3 Qd7 32. c4 Ra5 33.
Bxa5 bxa5 34. Qxe5 Re7 35. Qg3+ Rg7 36. Qb8+ Kh7 37. Rf1 Qe7 38. Qf4 Qa3 39.
Qf5+ Kg8 40. Qc2 Re7 41. e4 Qb4 42. e5 Re6 43. Qd3 Re7 44. c5 Qb7 45. Qc4+ Kh8
46. Rf8+ Kh7 47. e6 Rg7 48. d5 Qe7 49. Rf7 Rxf7 50. exf7 Qxf7 51. d6 Qxc4 52.
bxc4 Kg7 53. c6 Kf7 54. c5 Ke8 55. c7 Kd7 56. h4 Kc6 57. c8=Q+ Kb5 58. Qb7+
Kxc5 59. Qxa7+ Kxd6 60. Qxa5 Ke6 61. Qc5 Kf6 62. Qd5 Kg6 63. g4 Kh6 64. Qg5+
Kh7 65. Kf2 Kh8 66. Kf3 Kh7 67. Kf4 Kh8 68. Kf5 Kh7 69. Kf6 Kh8 70. Qg7# 1-0

[Event "DEM U12w 2016"]
[Site "Willingen GER"]
[Date "2016.05.15"]
[Round "1"]
[White "Schwegler, Jelena"]
[Black "Liu, Sijia Anna"]
[Result "0-1"]
[Termination "normal"]
[Board "20"]
[WhiteElo "912"]
[BlackElo "1357"]
[PlyCount "78"]
[WhiteFideId "16225481"]
[BlackFideId "12989746"]
[EventCountry "GER"]
[EventRounds "11"]
[EventType "swiss"]
[EventDate "2016.05.14"]

1. e4 c5 2. Nc3 g6 3. Be2 Nc6 4. Bb5 Nd4 5. Bc4 Bg7 6. Nge2 e6 7. Nxd4 Bxd4 8.
Nb5 Be5 9. d3 a6 10. Nc3 Bg7 11. Be3 b5 12. Bb3 Qc7 13. f4 Ne7 14. O-O f5 15.
e5 O-O 16. Qe1 Bb7 17. Qh4 Nd5 18. Nxd5 Bxd5 19. Qe7 Rac8 20. c4 Ba8 21. Rac1
b4 22. Rfd1 Rfe8 23. Qd6 Qb7 24. Rc2 Bf8 25. d4 Bxd6 26. exd6 cxd4 27. Rxd4 e5
28. c5+ Kg7 29. fxe5 Rxe5 30. Rd3 Qe4 31. Bc4 Qh4 32. h3 Qe1+ 33. Kh2 Rxe3 34.
Rxe3 Qxe3 35. Re2 Qf4+ 36. g3 Qxc4 37. Re7+ Kf6 38. h4 Qc2+ 39. Kh3 Qg2# 0-1

[Event "DEM U12w 2016"]
[Site "Willingen GER"]
[Date "2016.05.15"]
[Round "2"]
[White "Bohrer, Katharina"]
[Black "Kunisch, Nina"]
[Result "0-1"]
[Termination "normal"]
[Board "1"]
[WhiteElo "1406"]
[BlackElo "1480"]
[WhiteClock "01:00:03"]
[BlackClock "01:20:59"]
[PlyCount "84"]
[WhiteFideId "16225457"]
[BlackFideId "12982849"]
[EventCountry "GER"]
[EventRounds "11"]
[EventType "swiss"]
[EventDate "2016.05.14"]

1. e4 c5 2. Nf3 g6 3. d4 cxd4 4. Nxd4 Nc6 5. Be3 Bg7 6. Nc3 Nf6 7. Bd3 O-O 8.
Qd2 d5 9. Nxc6 bxc6 10. O-O d4 11. Bh6 dxc3 12. bxc3 c5 13. Bxg7 Kxg7 14. Qe3
Qa5 15. e5 Ng4 16. Qe4 Bf5 17. Qc4 Bxd3 18. cxd3 Nxe5 19. Qe4 Qxc3 20. Rac1 Qd4
21. Qxd4 cxd4 22. Rcd1 Rab8 23. Rfe1 Nc6 24. h3 Rb2 25. Rc1 Nb4 26. Rxe7 Nxd3
27. Rf1 Rxa2 28. Rd7 Nf4 29. Kh2 Ne6 30. g3 Rd8 31. Rxd8 Nxd8 32. Kg2 d3 33.
Rd1 d2 34. Kf1 Nc6 35. Ke2 Nd4+ 36. Kd3 Nf3 37. Ke3 Ra3+ 38. Ke2 Rc3 39. h4 Rc1
40. g4 Rxd1 41. Kxd1 a5 42. Ke2 a4 0-1

[Event "DEM U12w 2016"]
[Site "Willingen GER"]
[Date "2016.05.15"]
[Round "2"]
[White "Glinzner, Alva"]
[Black "Schneider, Katharina"]
[Result "1/2-1/2"]
[Termination "normal"]
[Board "2"]
[WhiteElo "1518"]
[BlackElo "1565"]
[WhiteClock "00:01:50"]
[BlackClock "00:11:42"]
[PlyCount "170"]
[WhiteFideId "16206169"]
[BlackFideId "16200519"]
[EventCountry "GER"]
[EventRounds "11"]
[EventType "swiss"]
[EventDate "2016.05.14"]

1. e4 e5 2. Nf3 Nc6 3. Bb5 a6 4. Ba4 Nf6 5. d3 b5 6. Bb3 Bc5 7. O-O d6 8. h3 h6
9. c3 Bb6 10. Re1 g5 11. Nh2 Rg8 12. Ng4 Bxg4 13. hxg4 Qd7 14. Bd5 Nxg4 15.
Bxc6 Bxf2+ 16. Kf1 Qxc6 17. Qxg4 Bxe1 18. Kxe1 Qc5 19. Nd2 Qe3+ 20. Qe2 Qxe2+
21. Kxe2 h5 22. Nf3 f6 23. Be3 Ke7 24. Rh1 Rh8 25. Kd2 c6 26. d4 Ke6 27. Ke2 a5
28. Rd1 h4 29. Rh1 Rag8 30. Kd2 Rc8 31. Kd3 c5 32. d5+ Ke7 33. Kd2 b4 34. c4 a4
35. Ke2 Rb8 36. Kd2 b3 37. a3 Kf7 38. Ke2 Kg7 39. Kf2 Rh7 40. Ng1 g4 41. Bd2
Rf8 42. Ke3 f5 43. exf5 Rxf5 44. Be1 g3 45. Nf3 Rfh5 46. Rh3 Kg6 47. Ke4 Kf6
48. Ba5 Rf5 49. Bd8+ Kg6 50. Nxh4+ Rxh4+ 51. Rxh4 Rf2 52. Rg4+ Kf7 53. Rxg3
Rxb2 54. Bg5 Re2+ 55. Kd3 b2 56. Rf3+ Kg6 57. Rf1 Rxg2 58. Bd2 Rg3+ 59. Kc2
Rxa3 60. Kxb2 Rb3+ 61. Ka2 Rd3 62. Rf2 Rd4 63. Ba5 Rxc4 64. Bc7 Rd4 65. Ka3
Rxd5 66. Kxa4 Rd4+ 67. Kb3 Rf4 68. Rg2+ Kf5 69. Bxd6 c4+ 70. Kc3 Rd4 71. Bc5
Rg4 72. Rd2 e4 73. Be3 Rg3 74. Re2 Kg4 75. Kxc4 Kf3 76. Re1 Rg2 77. Bd4 Re2 78.
Rf1+ Kg2 79. Rf7 Rc2+ 80. Kd5 Re2 81. Re7 Kf3 82. Rb7 e3 83. Rb3 Re1 84. Bxe3
Rxe3 85. Rxe3+ Kxe3 1/2-1/2